000 00930nam a2200277Ia 4500
003 OSt
005 20221005085448.0
006 a|||||r|||| 00| 0
007 ta
008 221004b |||||||| |||| 00| 0 eng d
020 _a9780823226665 (pbk)
_cUKP 34.00
024 _a38544
037 _b8387, 09/03/2018, Efficient Book Distributors
_cTextual
040 _aCRL
_cCRL
_beng
041 _2eng
_aeng
082 _aR3xN30:g(T), P6
100 _aWortham Simon Morgan Au.
_9614199
245 0 _aCounter institutions
_b Jacques Derrida and the question of the University
260 _aNew York
_bFordham University Press India
_c2006
300 _axi,164p.
_ccm.
650 _a HIGHER EDUCATION
650 _a PHILOSOPHY
650 _aDERRIDA, JACQUES
_9582117
942 _hR3xN30:g(T), P6
_cTEXL
_2cc
999 _c994245
_d994245